|
|
|
|
| LEADER |
00000nam0a2200000 4500 |
| 001 |
266191 |
| 005 |
20231101234000.0 |
| 035 |
|
|
|a (RuTPU)RU\TPU\book\289195
|
| 090 |
|
|
|a 266191
|
| 100 |
|
|
|a 20140703d1986 k y0rusy50 ca
|
| 101 |
0 |
|
|a rus
|
| 102 |
|
|
|a RU
|
| 105 |
|
|
|a a z 001zy
|
| 200 |
1 |
|
|a Введение в геометрию нелинейных дифференциальных уравнений
|f А. М. Виноградов, И. С. Красильщик, В. В. Лычагин
|
| 210 |
|
|
|a Москва
|c Наука
|d 1986
|
| 215 |
|
|
|a 336 с.
|c ил.
|
| 320 |
|
|
|a Библиогр.: с. 327-331.
|
| 320 |
|
|
|a Указатели: с. 332-335.
|
| 606 |
1 |
|
|a Дифференциальные уравнения, нелинейные
|x Решение
|2 stltpush
|3 (RuTPU)RU\TPU\subj\9712
|9 36892
|
| 610 |
1 |
|
|a дифференциальные операторы
|
| 610 |
1 |
|
|a эволюция
|
| 610 |
1 |
|
|a линеаризация
|
| 610 |
1 |
|
|a распределение Картана
|
| 610 |
1 |
|
|a символы
|
| 610 |
1 |
|
|a симметрии
|
| 610 |
1 |
|
|a геометрия
|
| 675 |
|
|
|a 517.928.4
|v 3
|
| 700 |
|
1 |
|a Виноградов
|b А. М.
|g Александр Михайлович
|
| 701 |
|
1 |
|a Красильщик
|b И. С.
|g Иосиф Семенович
|
| 701 |
|
1 |
|a Лычагин
|b В. В.
|g Валентин Васильевич
|
| 801 |
|
1 |
|a RU
|b 63413507
|c 20140703
|
| 801 |
|
2 |
|a RU
|b 63413507
|c 20151229
|g RCR
|
| 942 |
|
|
|c BK
|